000
00368nam a2200133Ia 4500
008
100328s9999 xx 000 0 und d
082
_b
57420
100
_a
किनरे जयंत
245
_a
काी ना काी
260
_b
अपरांन्त
630
_a
काी ना काी
730
_a
काी ना काी
942
_c
BOOK
999
_c
543868
_d
543865